Statistics for Brazil - True or False

Click here to take the quiz!

General Stats

  • This quiz has been taken 39 times
  • The average score is 18 of 25

Answer Stats

QuestionAnswer% Correct
Brazilian capital, Brasilia, has the shape of a plane and did not exist until 1960True
97%
Spanish is also an official language in Brazil, along with PortugueseFalse
94%
Copacabana and Ipanema are both famous Brazilian beaches located in Rio de JaneiroTrue
91%
Brazil is home to the highest point on land in South AmericaFalse
88%
The Equator Line passes through Brazil, so it has land in both Northern and Southern HemisphereTrue
88%
Between 1864 and 1870, Brazil fought alongside Argentina and Uruguay against Paraguay, in a war that killed two-thirds of the Paraguayan population, where 90% of it were menTrue
88%
Rio de Janeiro is the largest city by populationFalse
85%
Along with Christ the Redeemer, the Sugarloaf Mountain is one of Rio de Janeiro's landmarksTrue
85%
On its flag, Brazil has some words written, that stand for "Order and Progression", when translated into EnglishTrue
85%
Brazil's longest international border is with VenezuelaFalse
82%
Brazil is the only country in The Americas that has Portuguese as the official languageTrue
82%
The full name of Brazil is actually "United States of Brazil"False
79%
The city of Salvador was established in 1549 and served as the first Brazilian capitalTrue
79%
In Brazil, schools don't have 3 months of Summer Holidays. In fact, they give two months during Brazilian summer (December and January) and July, during Brazilian winter, so that people can get a break every 6 monthsTrue
79%
When Brazil plays a FIFA World Cup match, workers can go to work late or leave early, so that they can watch it and cheer for BrazilTrue
74%
Brazil has the highest HDI in South AmericaFalse
71%
During winter, it is common to see snow in BrazilFalse
71%
The Northernmost point of Brazil is closer to Canada than to its Southernmost pointTrue
71%
Brazil has territory in the Andes mountain rangeFalse
62%
Brazil has the largest number of Italian descendants in the world, around 35 million peopleTrue
62%
Around 80% of southern Brazil's population has European ancestryTrue
62%
Brazil is the country with the most tourists in Latin AmericaFalse
53%
Brazil has a good diplomatic relation with every South American countryFalse
53%
On September 7, 1822, Brazil got its independence from Portugal, becoming a RepublicFalse
32%
Nowadays, Venezuelans are the largest immigrant group in BrazilFalse
18%

Score Distribution

Percentile by Number Answered

Percent of People with Each Score

Your Score History

You have not taken this quiz